L'art chinois / (Record no. 161305)

MARC details
000 -LEADER
campo de control de longitud fija 00819nam a22002175i 4500
001 - NÚMERO DE CONTROL
campo de control 161305
003 - IDENTIFICADOR DE NÚMERO DE CONTROL
campo de control ES-MaACL
005 - FECHA Y HORA DE LA ÚLTIMA TRANSACCIÓN
campo de control 20250811235324.0
008 - DATOS DE LONGITUD FIJA--INFORMACIÓN GENERAL
campo de control de longitud fija 990712s1887 fr a |||| | fre d
040 ## - FUENTE DE CATALOGACIÓN
Centro catalogador/agencia de origen M-RABA
Lengua de catalogación spa
Centro/agencia transcriptor M-RABA
Centro/agencia modificador CCPB | B
100 1# - ENTRADA PRINCIPAL--NOMBRE DE PERSONA
Nombre de persona Paléologue, Maurice.
9 (RLIN) 88547
245 12 - MENCIÓN DEL TÍTULO
Título L'art chinois /
Mención de responsabilidad, etc. par M. Paléologue.
260 ## - PUBLICACIÓN, DISTRIBUCIÓN, ETC.
Lugar de publicación, distribución, etc. Paris :
Nombre del editor, distribuidor, etc. Maison Quantin,
Fecha de publicación, distribución, etc. [1887]
300 ## - DESCRIPCIÓN FÍSICA
Extensión 320 p. :
Otras características físicas il. ;
Dimensiones 21 cm.
490 1# - MENCIÓN DE SERIE
Mención de serie Bibliotheque de l'enseignement des Beaux-Arts / publiée sous la direction de Jules Comte
596 #1 - NOTA AL PIE DE IMPRENTA
NOTA AL PIE DE IMPRENTA Dedicatoria fechada en 1887.
650 #7 - PUNTO DE ACCESO ADICIONAL DE MATERIA--TÉRMINO DE MATERIA
Término de materia o nombre geográfico como elemento de entrada Arte chino
Fuente del encabezamiento o término embne
9 (RLIN) 135611
830 0# - PUNTO DE ACCESO ADICIONAL DE SERIE-TÍTULO UNIFORME
Título uniforme Bibliotheque de l'enseignement des Beaux-Arts / publiée sous la direction de Jules Comte
9 (RLIN) 188113
852 ## - LOCALIZACIÓN
Ubicación ES-MaACL
Número de control de estantería B-2502
Nota libre -- Enc. editorial en tela
Holdings
Estatus retirado Estado de pérdida Estado de daño No para préstamo Colección Biblioteca de origen Biblioteca actual Ubicación en estantería Fecha de adquisición Fuente de adquisición Total de préstamos Signatura topográfica completa Código de barras Visto por última vez Precio de reemplazo Tipo de ítem Koha
        Libros del s. XIX Biblioteca del Ateneo de Madrid Biblioteca del Ateneo de Madrid Sala Pardo Bazán 17/01/2008     B-2502 1168956 23/02/2023 23/02/2023 Libro impreso antiguo